Minecraft Default Skins - Statistics

General Stats
  • This quiz has been taken 2,093 times
  • The average score is 3 of 9
Answer Stats
Hint Answer % Correct
2009 Steve
100%
2015 Alex
94%
2022 Efe
13%
2022 Kai
13%
2022 Sunny
13%
2022 Noor
12%
2022 Ari
11%
2022 Zuri
11%
2022 Makena
10%
No matching quizzes found
Score Distribution
Percent of People with Each Score
Percentile by Number Answered
Your Score History
You have not taken this quiz